[Event "Olomouc Chess Summer 2016-Open seniorù"]
[Site "Olomouc"]
[Date "2016.08.15"]
[Round "4.3"]
[White "Castellano, Alfonso"]
[Black "Young, Mel J"]
[Result "1/2-1/2"]
[WhiteElo "1949"]
[BlackElo "1900"]
[PlyCount "63"]
[EventDate "2016.08.13"]

1. c4 b6 2. Nc3 Bb7 3. e4 e6 4. a3 c5 5. Bd3 Ne7 6. Nf3 Nbc6 7. O-O Ng6 8. Bc2
Nd4 9. Nxd4 cxd4 10. Ne2 e5 11. d3 a5 12. f4 exf4 13. Nxf4 Bd6 14. Qg4 Qh4 15.
Qf3 Nxf4 16. Bxf4 Bxf4 17. Qxf4 Qxf4 18. Rxf4 f6 19. Rf5 O-O-O 20. Bd1 Rde8 21.
b4 Re5 22. Rf2 Kc7 23. Rc1 axb4 24. axb4 Ra8 25. Rb2 Ra3 26. Rd2 f5 27. exf5
Rxf5 28. Bc2 Bc6 29. Re2 Kd6 30. b5 Bb7 31. Rf1 Rg5 32. h4 1/2-1/2

[Event "Olomouc Chess Summer 2016-Open seniorù"]
[Site "Olomouc"]
[Date "2016.08.15"]
[Round "4.4"]
[White "Prachar, Josef"]
[Black "Glacner, Karel"]
[Result "1-0"]
[WhiteElo "1954"]
[BlackElo "1552"]
[PlyCount "88"]
[EventDate "2016.08.13"]

1. d4 e5 2. dxe5 Nc6 3. Nf3 Qe7 4. Qd5 Nb4 5. Qb3 h6 6. Nc3 c6 7. a3 Na6 8. Ne4
Qe6 9. Qxe6+ dxe6 10. Bf4 Bd7 11. e3 g5 12. Bg3 Nc5 13. Nd6+ Bxd6 14. exd6 Ne4
15. Bd3 Nc5 16. O-O-O Nxd3+ 17. Rxd3 f6 18. e4 h5 19. h4 g4 20. Nd2 e5 21. Nc4
b5 22. Ne3 Nh6 23. c4 Rb8 24. c5 O-O 25. f4 Nf7 26. Rf1 Rbe8 27. fxe5 Nxe5 28.
Rd4 a5 29. Nf5 Ng6 30. Ne7+ Kh7 31. Rd2 Ne5 32. Bxe5 fxe5 33. Rdf2 Rxf2 34.
Rxf2 Kg7 35. Kd2 Rd8 36. Ke3 Re8 37. Nf5+ Kg6 38. Ne7+ Kg7 39. Nd5 Re6 40. Nb6
Be8 41. d7 Bxd7 42. Nxd7 Re7 43. Nb6 Rf7 44. Rxf7+ Kxf7 1-0

[Event "Olomouc Chess Summer 2016-Open seniorù"]
[Site "Olomouc"]
[Date "2016.08.15"]
[Round "4.5"]
[White "Plachy, Josef"]
[Black "Pokora, Lubomir"]
[Result "1/2-1/2"]
[WhiteElo "1667"]
[BlackElo "1873"]
[PlyCount "83"]
[EventDate "2016.08.13"]

1. e4 e5 2. Nf3 Nf6 3. d3 d6 4. Be2 Be7 5. Nc3 c6 6. O-O Nbd7 7. h3 Qc7 8. Nh2
O-O 9. Ng4 Re8 10. Nxf6+ Bxf6 11. Bg4 b5 12. Ne2 Bb7 13. Bxd7 Qxd7 14. Ng3 g6
15. Qf3 Bg7 16. h4 Bc8 17. h5 Qg4 18. Qxg4 Bxg4 19. hxg6 hxg6 20. f3 Be6 21.
Kf2 f6 22. Rh1 Kf7 23. b3 Rh8 24. Be3 a6 25. Rxh8 Rxh8 26. Rh1 Rxh1 27. Nxh1 f5
28. Bg5 d5 29. exd5 cxd5 30. Ke2 Bd7 31. Nf2 Ke6 32. b4 d4 33. a3 Bf8 34. Bd2
Bc6 35. Nh3 Be7 36. Bg5 Bd6 37. Bd8 Kd7 38. Bb6 Be7 39. g3 Bf6 40. Bc5 g5 41.
Nf2 Ke6 42. g4 1/2-1/2